| 000 -LEADER |
| fixed length control field |
01730cam a22003734a 4500 |
| 001 - CONTROL NUMBER |
| control field |
14385088 |
| 003 - CONTROL NUMBER IDENTIFIER |
| control field |
Nust |
| 005 - DATE AND TIME OF LATEST TRANSACTION |
| control field |
20170417180802.0 |
| 008 - FIXED-LENGTH DATA ELEMENTS--GENERAL INFORMATION |
| fixed length control field |
060522r20051915ii ab b 001 0 eng |
| 010 ## - LIBRARY OF CONGRESS CONTROL NUMBER |
| LC control number |
2006561432 |
| 020 ## - INTERNATIONAL STANDARD BOOK NUMBER |
| International Standard Book Number |
8120619668 (set) |
| 025 ## - OVERSEAS ACQUISITION NUMBER |
| Overseas acquisition number |
I-E-2006-561432; 56-92; 55-05 |
| 037 ## - SOURCE OF ACQUISITION |
| Source of stock number/acquisition |
Library of Congress -- New Delhi Overseas Office |
| Terms of availability |
Rs2400.00 (set) |
| 040 ## - CATALOGING SOURCE |
| Original cataloging agency |
DLC |
| Transcribing agency |
DLC |
| 041 1# - LANGUAGE CODE |
| Language code of text/sound track or separate title |
eng |
| Language code of original |
mul |
| 042 ## - AUTHENTICATION CODE |
| Authentication code |
lcode |
| 043 ## - GEOGRAPHIC AREA CODE |
| Geographic area code |
cc----- |
| -- |
a-ii--- |
| -- |
e------ |
| 050 00 - LIBRARY OF CONGRESS CALL NUMBER |
| Classification number |
DS707 |
| Item number |
.C38 2005 |
| 082 ## - DEWEY DECIMAL CLASSIFICATION NUMBER |
| Classification number |
915.043 |
| Author Mark |
CAT |
| 245 00 - TITLE STATEMENT |
| Title |
Cathay and the way thither, being a collection of medieval notices of China / |
| Statement of responsibility, etc. |
translated and edited by Henry Yule ; revised throughout in the light of recent discoveries by Henri Cordier. |
| 250 ## - EDITION STATEMENT |
| Edition statement |
New ed. |
| 260 ## - PUBLICATION, DISTRIBUTION, ETC. |
| Place of publication, distribution, etc. |
New Delhi : |
| Name of publisher, distributor, etc. |
Asian Educational Services, |
| Date of publication, distribution, etc. |
2005. |
| 300 ## - PHYSICAL DESCRIPTION |
| Extent |
4 v. : |
| Other physical details |
ill., maps ; |
| Dimensions |
23 cm. |
| 500 ## - GENERAL NOTE |
| General note |
Originally published: London : Printed for the Hakluyt Society, 1915. |
| 504 ## - BIBLIOGRAPHY, ETC. NOTE |
| Bibliography, etc. note |
Includes bibliographical references and index. |
| 505 0# - FORMATTED CONTENTS NOTE |
| Formatted contents note |
v. 1. Preliminary essay : on the intercourse between China and the Western nations previous to the discovery of the Cape route -- v. 2. Odoric of Pordenone -- v. 3. Missionary friars : Rashíduddín, Pegolotti, Marignolli -- v. 4. Ibn Batuta, Benedict Goes, index. |
| 650 #0 - SUBJECT ADDED ENTRY--TOPICAL TERM |
| Topical term or geographic name entry element |
Geography, Medieval. |
| 650 #0 - SUBJECT ADDED ENTRY--TOPICAL TERM |
| Topical term or geographic name entry element |
Missions |
| Geographic subdivision |
East Asia. |
| 651 #0 - SUBJECT ADDED ENTRY--GEOGRAPHIC NAME |
| Geographic name |
China |
| General subdivision |
Description and travel. |
| 651 #0 - SUBJECT ADDED ENTRY--GEOGRAPHIC NAME |
| Geographic name |
India |
| General subdivision |
Description and travel |
| -- |
Early works to 1800. |
| 700 1# - ADDED ENTRY--PERSONAL NAME |
| Personal name |
Yule, Henry, |
| Titles and other words associated with a name |
Sir, |
| Dates associated with a name |
1820-1889. |
| 700 1# - ADDED ENTRY--PERSONAL NAME |
| Personal name |
Cordier, Henri, |
| Dates associated with a name |
1849-1925. |
| 906 ## - LOCAL DATA ELEMENT F, LDF (RLIN) |
| a |
7 |
| b |
cbc |
| c |
origode |
| d |
3 |
| e |
ncip |
| f |
20 |
| g |
y-gencatlg |
| 942 ## - ADDED ENTRY ELEMENTS (KOHA) |
| Source of classification or shelving scheme |
|
| Koha item type |
Book |